[Event "POL-chT3 Kujawsko Pomorskie 1213"]
[Site "Poland"]
[Date "2012.12.02"]
[Round "3.19"]
[White "Czarnolewski, Piotr"]
[Black "Kowalski, Roman"]
[Result "0-1"]
[WhiteElo "1750"]
[BlackElo "1602"]
[PlyCount "80"]
[EventDate "2012.11.04"]
[EventType "team-tourn"]
[EventRounds "11"]
[EventCountry "POL"]
[SourceTitle "EXT 2015"]
[Source "ChessBase"]
[SourceDate "2014.11.20"]
[SourceVersion "1"]
[SourceVersionDate "2014.11.20"]
[SourceQuality "1"]
[WhiteTeam "Inowroclaw OSiR Pozkal"]
[BlackTeam "Bydgoszcz Emdek"]
[WhiteTeamCountry "POL"]
[BlackTeamCountry "POL"]

1. Nf3 d5 2. g3 Nf6 3. Bg2 Bf5 4. d3 Nbd7 5. 0-0 e5 6. Nbd2 Bd6 7. e4 dxe4 8. dxe4 Bg6 9. Nh4 Nc5 10. Qe2 Qd7 11. b3 Ne6 12. c3 Ng5 13. Nf5 0-0 14. Nxd6 cxd6 15. h4 Ne6 16. Bb2 Nc5 17. Bf3 d5 18. Rad1 Qc7 19. exd5 Bd3 20. Qe3 Bxf1 21. Kxf1 e4 22. Be2 Nxd5 23. Qg5 Rad8 24. c4 f6 25. Qg4 Nb4 26. a3 Ncd3 27. Ba1 Nc2 28. Bc3 Nxf2 29. Qe6+ Kh8 30. Rc1 Rfe8 31. Qxe8+ Rxe8 32. Rxc2 e3 33. Nf3 Qxg3 34. Ng1 Ne4 35. Be1 Qf4+ 36. Bf3 e2+ 37. Rxe2 Nd6 38. Bb4 Rxe2 39. Kxe2 b6 40. Bd2 Qh2+ 0-1